| 000 | 00803nam a22001577a 4500 | ||
|---|---|---|---|
| 003 | OSt | ||
| 005 | 20151019152347.0 | ||
| 008 | 151019b xxu||||| |||| 00| 0 eng d | ||
| 040 | _cRUA | ||
| 082 | _aAVM YAN 2009 B088 Or.1 | ||
| 100 |
_92469 _aYANN KOSAL |
||
| 245 | _aEffect of replacing soybean and dry fish by a1111 on growth performance of broiler in animal experimental station of rua, (ប្រសិទ្ធភាពនៃការជំនួសសណ្ដែកសៀង និងត្រីហាលដោយមេចំណី A1111 លើការលូតលាស់របស់មាន់សាច់ នៅស្ថានីយ៍ចិញ្ចឹមសត្វ នៃ ស.វ.ភ.ក) | ||
| 260 |
_aphnom penh _brua _c2009 |
||
| 300 |
_axi, 41p. _bill _c29cm. |
||
| 942 |
_2ddc _cAVM |
||
| 999 |
_c2324 _d2324 |
||